載入...

Food and beverage Management and cost control /

書目詳細資料
主要作者: Negi, Jagmohan
語言:Undetermined
出版: N.Delhi : Kanishka Pubrs , 1999.
LEADER 00483nam a2200145Ia 4500
001 32010
008 170722s9999 xx 000 0 und d
020 |a 8173912548 
100 |a Negi, Jagmohan 
245 |a Food and beverage  |b Management and cost control / 
260 |a N.Delhi :  |b Kanishka Pubrs ,  |c 1999. 
300 |a 24cm, 398 
942 |c GEN 
999 |c 118752  |d 118752 
952 |0 0  |1 0  |4 0  |6 MA_6X8_N9  |7 0  |8 CR  |9 167994  |a LIB  |b LIB  |d 2017-08-12  |h CR  |o MA6:(X:8) N9  |p 232958  |r 2017-08-12  |v 795.00  |w 2017-08-12  |y GEN